000 00534nam a2200193Ia 4500
005 20250507130244.0
008 008 250505s9999 xx 000 0 eng d
037 _aSeries Article
040 _aEASL
_beng
_cEASL
041 _aeng
_2eng
084 _qEASL
100 _aCho Young Nam
_9669123
245 0 _aPolitics of lawmaking in chinese local people's congresses
260 _aUK
_bUK Cambridge Univesity Press UK
_c2006
300 _a592-609
650 _aChina
942 _cSRA
999 _c1318600
_d1318600